000 00600nam a2200217Ia 4500
003 OSt
005 20220925215737.0
006 a|||||r|||| 00| 0
007 ta
008 220923b |||||||| |||| 00| 0 eng d
037 _cGeneral Book
040 _aRTL
_cRTL
_beng
041 _2eng
_aeng
082 _aHf297.N6, K4
100 _aGansser A
_995274
245 0 _aGeologic and tectonic maps of the Himalayan region
260 _aLondon
_bInterscience U K
_c1964
650 _aGeology
_915465
942 _hHf297.N6, K4
_cGB
_2CC
999 _c569553
_d569553